Cómo hacer facilmente material didáctico

में बचाया:
ग्रंथसूची विवरण
मुख्य लेखक: Wagner, Betty Jane
अन्य लेखक: Stunard, E. Arthur
स्वरूप: पुस्तक
भाषा:स्पेनिश
प्रकाशित: CEAC. 1998.
विषय:
टैग: टैग जोड़ें
कोई टैग नहीं, इस रिकॉर्ड को टैग करने वाले पहले व्यक्ति बनें!

MARC

LEADER 00000nam a22000005a 4500
001 10596
003 CL-ChBUA
005 20120815103253.0
008 070301s1998 sp 000 0 spa
020 |a 8432986097 
040 |a CL-ChBUA  |c CL-ChBUA 
082 0 0 |a 371.33 
090 |c 10596  |d 10596 
100 1 |a Wagner, Betty Jane. 
245 1 0 |a Cómo hacer facilmente material didáctico 
260 |b CEAC.  |c 1998. 
300 |a 100 p.  |c 20 cm. 
504 |a Indice. 
650 4 |a EDUCACION - MEDIO AUDIOVISUALES - DISEÑO. 
650 4 |a MATERIALES AUDIOVISUALES - DISEÑO. 
650 4 |a AYUDA VISUALES (EDUCACION). 
650 4 |a EDUCACION - MATERIALES DE ENSEÑANZA. 
700 1 |a Stunard, E. Arthur. 
942 |c LIB 
952 |0 0  |1 0  |4 0  |7 0  |9 15421  |a UNACH  |b UNACH  |c 300  |d 2007-03-05  |i 32.398.  |l 2  |o 371.33 / W 132.  |p 16420  |r 2019-05-07 00:00:00  |s 2019-05-02  |u 15421  |w 2012-08-08  |y LIB  |k 371.33 / W 132. 
999 |c 10596  |d 10596